| 000 | 00372nam a22001457a 4500 | ||
|---|---|---|---|
| 003 | OSt | ||
| 020 | _aNA | ||
| 040 | _c0 | ||
| 082 |
_222 _a625.7 |
||
| 100 | _aNA | ||
| 245 | _aA manual for application the critical part method to highway projects in indian/ | ||
| 260 |
_bNew Delhi, Indian roads congress, _cc1988. |
||
| 300 |
_a19p, ; _bill,; _c24 cm |
||
| 942 |
_2ddc _cCIVIL |
||
| 999 |
_c4707 _d4707 |
||